Toutes les Fables de la Fontaine - Statistiques

Statistiques générales
  • Ce quiz a été pris 23 fois
  • Le résultat moyen est 8 sur 248
Statistiques - réponses
Fables de la Fontaine % Correct
La Cigale et la Fourmi
89%
Le Corbeau et le Renard
89%
Le Lièvre et la Tortue
79%
Le Lion
74%
Le Lion et le Rat
58%
Le Loup et l'Agneau
53%
Le Renard et la Cigogne
42%
Le Chêne et le Roseau
37%
La Grenouille qui veut se faire aussi grosse que le Boeuf
26%
Le Loup et le Chien
26%
Le Loup et le Renard (Fable 6, Livre XI)
21%
Le Loup et le Renard (Fable 9, livre XII)
21%
Le Coche et la Mouche
16%
Le Rat de ville et le Rat des champs
16%
La Laitière et le Pot au lait
11%
La Poule aux oeufs d'or
11%
Le Héron
11%
Le Loup et la Cigogne
11%
Le Pot de terre et le Pot de fer
11%
Le Renard et les Raisins
11%
Les Animaux malades de la peste
11%
La Colombe et la Fourmi
5%
La Cour du lion
5%
La Goutte et l'Araignée
5%
La Jeune Veuve
5%
La Montagne qui accouche
5%
La Mort et le Bûcheron
5%
Le Chat et le Rat
5%
Le Cheval et l'Ane
5%
Le Laboureur et ses enfants
5%
Le Rat et l'Huitre
5%
Les Deux Amis
5%
Les Deux Mulets
5%
Les Deux Pigeons
5%
Le Singe
5%
Les Obsèques de la Lionne
5%
Le Songe d'un habitant du Mogol
5%
A Madame de Montespan
0%
A Monsieur le Dauphin
0%
Belphégor
0%
Conseil tenu par les rats
0%
Contre ceux qui ont le goût difficile
0%
Daphnis et Alcimadure
0%
Démocrite et les Abdéritains
0%
Discours à Madame de la Sablière
0%
Du thésauriseur et du singe
0%
Jupiter et le Métayer
0%
Jupiter et le Passager
0%
Jupiter et les Tonnerres
0%
La Belette entrée dans un grenier
0%
La Besace
0%
La Chatte métamorphosée en femme
0%
La Chauve-souris et les Deux Belettes
0%
La Chauve-souris, le Buisson et le Canard
0%
La Discorde
0%
La Femme noyée
0%
La Fille
0%
La Forêt et le Bûcheron
0%
La Fortune et le Jeune Enfant
0%
La Génisse, La Chèvre, et la Brebis, en société avec le Lion
0%
La Grenouille et le Rat
0%
L'Aigle et la Pie
0%
L'Aigle et le Hibou
0%
L'Aigle et l'Escarbot
0%
L'Aigle, la Laie et la Chatte
0%
La Lice et sa compagne
0%
La Ligue des rats
0%
La Lionne et l'Ourse
0%
L'Alouette et ses petits, avec le maître d'un champ
0%
La Matrone d'Ephèse
0%
La Mort et le Malheureux
0%
La Mort et le Mourant
0%
La Mouche et la Fourmi
0%
L'Amour et la Folie
0%
L'Ane chargé d'éponges et l'Ane chargé de sel
0%
L'Ane et le Chien
0%
L'Ane et le Petit Chien
0%
L'Ane et ses maîtres
0%
L'Ane portant des reliques
0%
L'Ane vêtu de la peau du lion
0%
La Perdrix et les Coqs
0%
La Querelle des chiens et des chats, et celle des chats et des souris
0%
L'Araignée et l'Hirondelle
0%
La Souris métamorphosée en fille
0%
L'Astrologue qui se laisse tomber dans un puits
0%
La Tête et la Queue du Serpent
0%
La Tortue et les Deux Canards
0%
L'Avantage de la science
0%
L'Avare qui a perdu son trésor
0%
La Vieille et les Deux Servantes
0%
Le Bassa et le Marchand
0%
Le Berger et la Mer
0%
Le Berger et le Roi
0%
Le Berger et son troupeau
0%
Le Bûcheron et Mercure
0%
Le Cerf et la Vigne
0%
Le Cerf malade
0%
Le Cerf se voyant dans l'eau
0%
Le Chameau et les Bâtons flottants
0%
Le Charlatan
0%
Le Chartier embourbé
0%
Le Chat et le Renard
0%
Le Chat et les Deux Moineaux
0%
Le Chat et un vieux rat
0%
Le Chat, la Belette et le Petit Lapin
0%
Le Cheval et le Loup
0%
Le Cheval s'étant voulu venger du Cerf
0%
Le Chien à qui on a coupé les oreilles
0%
Le Chien qui lâche sa proie pour l'ombre
0%
Le Chien qui porte à son cou le dîné de son maître
0%
Le Cierge
0%
Le Cochet, le Chat et le Souriceau
0%
Le Cochon, la Chèvre et le Mouton
0%
L'Ecolier, le Pédant et le Maître d'un jardin
0%
Le Combat des Rats et des Belettes
0%
Le Coq et la Perle
0%
Le Coq et le Renard
0%
Le Corbeau, la Gazelle, la Tortue et le Rat
0%
Le Corbeau voulant imiter l'aigle
0%
L'Ecrevisse et sa fille
0%
Le Curé et le Mort
0%
Le Cygne et le Cuisinier
0%
Le Dépositaire infidèle
0%
Le Dragon à plusieurs têtes et le Dragon à plusieurs queues
0%
L'Education
0%
Le Faucon et le Chapon
0%
Le Fermier, le Chien et le Renard
0%
Le Fou qui vend la sagesse
0%
Le Geai paré des plumes du paon
0%
Le Gland et la Citrouille
0%
Le Jardinier et son Seigneur
0%
Le Juge arbitre, l'Hospitalier et le Soiltaire
0%
L'Elephant et le Singe de Jupiter
0%
Le Lièvre et la Perdrix
0%
Le Lièvre et les Grenouilles
0%
Le Lion abattu par l'Homme
0%
Le Lion amoreux
0%
Le Lion devenu vieux
0%
Le Lion et l'Ane chassant
0%
Le Lion et le Chasseur
0%
Le Lion et le Moucheron
0%
Le Lion, le Loup et le Renard
0%
Le Lion, le Singe et les Deux Anes
0%
Le Lion malade et le Renard
0%
Le Lion s'en allant en guerre
0%
Le Loup devenu berger
0%
Le Loup et le Chasseur
0%
Le Loup et le Chien maigre
0%
Le Loup et les Bergers
0%
Le Loup, la Chèvre et le Chevreau
0%
Le Loup, la Mère et l'Enfant
0%
Le Loup plaidant contre le Renard par-devant le Singe
0%
Le Mal Marié
0%
Le Marchand, le Gentilhomme, le Pâtre et le Fils de Roi
0%
Le Mari, la Femme et le Voleur
0%
Le Meunier, son Fils et l'Ane
0%
Le Milan et le Rossignol
0%
Le Milan, le Roi et le Chasseur
0%
Le Mulet se vantant de sa généalogie
0%
L'Enfant et le Maître d'école
0%
L'Enfouisseur et son compère
0%
Le Paon se plaignant à Junon
0%
Le Pâtre et le Lion
0%
Le Paysan du Danube
0%
Le Petit Poisson et le Pêcheur
0%
Le Philosophe Scythe
0%
Le Pouvoir des fables
0%
Le Rat et l'Elephant
0%
Le Rat qui s'est retiré du monde
0%
Le Renard anglais
0%
Le Renard ayant la queue coupée
0%
Le Renard et le Bouc
0%
Le Renard et le Buste
0%
Le Renard et l'Ecureuil
0%
Le Renard et les Poulets d'Inde
0%
Le Renard, le Loup et le Cheval
0%
Le Renard, le Singe et les Animaux
0%
Le Renard, les Mouches et le Hérisson
0%
Le Rieur et les Poissons
0%
Le Satyre et le Passant
0%
Le Savetier et le Financier
0%
Les Compagnons d'Uysse
0%
Les Deux Aventuriers et le Talisman
0%
Les Deux Chèvres
0%
Les Deux Chiens et l'Ane mort
0%
Les Deux Coqs
0%
Les Deux Perroquets, le Roi et son fils
0%
Les Deux Rats, le Renard et l'Œuf
0%
Les Deux Taureaux et une grenouille
0%
Les Devineresses
0%
Les Dieux voulant instruire un fils de Jupiter
0%
Les Discours à Monsieur le Duc de La Rochefoucauld
0%
Le Serpent et la Lime
0%
Les Femmes et le Secret
0%
Les Filles de Minée
0%
Les Frelons et les Mouches à miel
0%
Les Grenouilles qui demandent un Roi
0%
Le Singe et le Chat
0%
Le Singe et le Dauphin
0%
Le Singe et le Léopard
0%
Les Loups et les Brebis
0%
Les Médecins
0%
Les Membres et l'Estomac
0%
Le Soleil et les Grenouilles (1668)
0%
Le Soleil et les Grenouilles (1692)
0%
Les Oreilles du Lièvre
0%
Les Poissons et le Berger qui joue de la flûte
0%
Les Poissons et le Cormoran
0%
Les Souhaits
0%
Les Souris et le Chat-Huant
0%
Le Statuaire et la Statue de Jupiter
0%
Les Vautours et les Pigeons
0%
Les Voleurs et l'Ane
0%
Le Torrent et la Rivière
0%
Le Trésor et les Deux Hommes
0%
Le Vieillard et l'Ane
0%
Le Vieillard et les Trois Jeunes Hommes
0%
Le Vieillard et ses enfants
0%
Le Vieux Chat et la Jeune Souris
0%
Le Villageois et le Serpent
0%
L'Hirondelle et les Petits Oiseaux
0%
L'Homme entre deux âges et ses deux maîtresses
0%
L'Homme et la Couleuvre
0%
L'Homme et la Puce
0%
L'Homme et l'Idole de bois
0%
L'Homme et son image
0%
L'Homme qui court après la fortune et l'Homme qui l'attend dans son lit
0%
L'Horoscope
0%
L'Huître et les Plaideurs
0%
L'Ingratitude et l'Injustice des Hommes envers la Fortune
0%
L'Ivrogne et sa femme
0%
L'Oeil du Maître
0%
L'Oiseau blessé d'une flèche
0%
L'Oiseleur, l'Autour, et l'Alouette
0%
L'Oracle et l'Impie
0%
L'Ours et l'Amateur des jardins
0%
L'Ours et les Deux Compagnons
0%
Parole de Socrate
0%
Phébus et Borée
0%
Philémon et Baucis
0%
Philomène et Progné
0%
Rien de trop
0%
Simonide préservé par les dieux
0%
Testament expliqué par Esope
0%
Tircis et Amaranthe
0%
Tribut envoyé par les Animaux à Alexandre
0%
Un animal dans la Lune
0%
Un fou et un sage
0%
Aucun quiz correspondant
Distribution des résultats
% des personnes avec chaque résultat
Percentile par nombre de réponses
Votre historique - résultats
Vous n’avez pas pris ce quiz